Raad de speler - Feyenoord 21/22 - Statistieken

Algemene statistieken
  • Deze quiz is 115 keer genomen
  • De gemiddelde score is 9 van 16
Antwoordstatistieken
Foto Antwoord % Correct
Trauner
99%
Bijlow
88%
Sinisterra
80%
Malacia
76%
Kokcu
74%
Dessers
70%
Geertruida
70%
Marciano
65%
Til
63%
Senesi
62%
Pedersen
57%
Nelson
42%
Troost
28%
Bassett
22%
Hall
18%
Ausnes
8%
Geen overeenkomende quizzen gevonden
Scoreverdeling
Procent van Mensen met Elke Score
Percentiel versus Aantal Correcte Antwoorden
Uw Scoregeschiedenis
U heeft deze quiz nog niet genomen